000 00711nam a2200229 i 4500
001 bg
100 1 _aKRUCZALAK, Kazimierz.
245 1 0 _aPrawo handlowe dla ekonomistów /
_cKazimierz Kruczalak.
260 _aWarszawa :
_bPolskie Wydaw. Ekonomiczne,
_c1998.
300 _a348, [1] s. ;
_c24 cm.
504 _aBibliogr. przy rozdz.
650 9 _aPrawo handlowe
_zPolska
655 _aPodręczniki akademickie
020 _a8320811473
040 _cBPK
041 0 _apl
080 _a347.7(438)(075.8)
920 _a83-208-1147-3
942 _cKS
008 s pl f |000 0 pol
856 _uhttp://koha.tu.koszalin.pl/cgi-bin/koha/opac-detail.pl?biblionumber=33565
_yKatalog online BPK
999 _c33565
_d33565